=LDR 00000nam 2200000 4500 =001 INLIS000000000054113 =005 20240129095319 =035 ##$$a 0010-0519000175 =007 ta =008 240129###########################0#ind## =020 ##$$a 978-979-780-617-0 =082 ##$$a 899.221 3 =084 ##$$a 899.221 3 OKK t =100 #$$a okke sepatumerah =245 1#$$a Time will tell /$c okke sepatumerah =250 ##$$a Cet 1 =260 ##$$a Jakarta :$b gagas media,$c 2013 =300 ##$$a 269 hlm : $b ilus. ; $c 19 Cm. =650 #4$$a Fiksi Indonesia =700 #$$a Editor ; eNHa =990 ##$$a 31900179